<?xml version="1.0" encoding="UTF-8"?>
<marc:record xmlns:marc="http://www.loc.gov/MARC21/slim">
   <marc:leader>00000nam a2200000 a 4500</marc:leader>
   <marc:datafield ind1="1" ind2=" " tag="100">
      <marc:subfield code="a">Hagena, Katharina</marc:subfield>
      <marc:subfield code="4">ctb</marc:subfield>
      <marc:subfield code="e">Mitwirkende/-r</marc:subfield>
   </marc:datafield>
   <marc:datafield ind1="1" ind2=" " tag="100">
      <marc:subfield code="a">Clemen, Stefanie</marc:subfield>
      <marc:subfield code="4">ctb</marc:subfield>
      <marc:subfield code="e">Mitwirkende/-r</marc:subfield>
   </marc:datafield>
   <marc:datafield ind1=" " ind2=" " tag="653">
      <marc:subfield code="a">Alphabet</marc:subfield>
   </marc:datafield>
   <marc:datafield ind1=" " ind2=" " tag="653">
      <marc:subfield code="a">Softcover / Kinder- und Jugendbücher/Bilderbücher</marc:subfield>
   </marc:datafield>
   <marc:datafield ind1=" " ind2=" " tag="653">
      <marc:subfield code="a">Anthologie</marc:subfield>
   </marc:datafield>
   <marc:datafield ind1=" " ind2=" " tag="653">
      <marc:subfield code="a">Kinderbuch</marc:subfield>
   </marc:datafield>
   <marc:datafield ind1="0" ind2="0" tag="245">
      <marc:subfield code="a">Albert Albatros albert</marc:subfield>
   </marc:datafield>
   <marc:datafield ind1="0" ind2="0" tag="245">
      <marc:subfield code="b">alphabetische Ansammlung aberwitziger Artgenossen</marc:subfield>
   </marc:datafield>
   <marc:datafield ind1="0" ind2="0" tag="245">
      <marc:subfield code="c">Katharina Hagena + Stefanie Clemen</marc:subfield>
   </marc:datafield>
   <marc:datafield ind1=" " ind2="1" tag="264">
      <marc:subfield code="a">Hamburg</marc:subfield>
      <marc:subfield code="b">Dressler</marc:subfield>
      <marc:subfield code="c">2010</marc:subfield>
   </marc:datafield>
   <marc:datafield ind1="1" ind2=" " tag="520">
      <marc:subfield code="a">Angaben aus der Verlagsmeldung

Albert Albatros albert : Alphabetische Ansammlung aberwitziger Artgenossen / von Katharina Hagena

Für Kinder und Erwachsene: ein Buchstaben-Kunstwerk zum Alphabet Albert Abatros albert, das Chamäleon sorgt für Computer-Chaos, Frank Frosch formt Fruchtfliegen-Frikadellen und Ziege Zita zeichnet Zaunkönige: In Katharina Hagenas 26 kurzen Tiergedichten beginnt jedes Wort mit dem jeweiligen Buchstaben des Alphabets – von A-Z, vom Albatros bis zum Zebra. Stefanie Clemens Bilder illustrieren die Fabulierkunstwerke kongenial frech, lustig und abwechslungsreich. Ein Fundgrube für Wörterliebhaber, Bilderbuchfans und alle, die Lust haben, selber einmal auszuprobieren, welch aberwitzige Sätze beim Alliterieren zustande kommen! Ein Abc-Bilderbuch mit Alliterationsgeschichten (Tautogramme) von Bestsellerautorin Katharina Hagena („Der Geschmack von Apfelkernen“), mit aufwendigen Illustrationen von Stefanie Clemen.
</marc:subfield>
   </marc:datafield>
   <marc:datafield ind1=" " ind2=" " tag="020">
      <marc:subfield code="a">9783791508283</marc:subfield>
      <marc:subfield code="9">9783791508283</marc:subfield>
   </marc:datafield>
   <marc:datafield ind1=" " ind2=" " tag="041">
      <marc:subfield code="a">ger</marc:subfield>
   </marc:datafield>
   <marc:datafield ind1=" " ind2=" " tag="300">
      <marc:subfield code="a">64] S.</marc:subfield>
   </marc:datafield>
</marc:record>
